000 00533nam a22001697a 4500
999 _c14825
_d14825
003 AR-CdUCM
008 190424b ||||| |||| 00| 0 spa d
040 _aMUNICIPALIDAD PROVINCIAL DEL CUSCO
_cBIBLIOTECA MUNICIPAL DEL CUSCO
082 _a050 /
_bC62 / 1976
245 _aBoletín - Centro intercultural de información y difusión /
260 _c1976.
300 _a10 páginas ;
_c21 cm.
440 _aBoletín
_n05
_933742
505 _aLa CIA en el sindicalismo internacional
942 _2ddc
_cPP
945 _awfj
_d2019-04-24